000 00589nam a2200229Ia 4500
003 OSt
005 20220918225900.0
006 a|||||r|||| 00| 0
007 ta
008 220917b |||||||| |||| 00| 0 eng d
024 _a246,622
037 _cTextual
040 _aARTS
_cARTS
_beng
041 _2eng
_aeng
082 _aX:8, K4;3
100 _aPfiffner John M.
245 0 _aAdministrative organization
260 _aNew Delhi
_bPrentice Hall India
_c1968
300 _a480p.
_ccm.
942 _hX:8, K4;3
_cTEXL
_2CC
999 _c286315
_d286315